Hauts de Seine - Statistiques

Statistiques générales
  • Ce quiz a été pris 43 fois
  • Le résultat moyen est 7 sur 20
Statistiques - réponses
Hint Réponse % Correct
Nombre de lignes de tramway traversant le département 4
68%
Commune richissime qui est la moins peuplée du département Marnes la Coquette
58%
Monument à la Défense La Grande Arche
50%
Commune à l'intersection des Yvelines et de l'Essonne Clamart
48%
Terminus de la ligne de métro 10 Boulogne-Pont de Saint Cloud
45%
Station de métro à l'intersection de Montrouge, Bagneux et Arcueil Barbara
40%
Île sur laquelle est située la Seine Musicale Île Seguin
40%
Terminus du RER B Robinson
38%
Dernière gare avant Paris sur le transilien N Vanves-Malakoff
38%
Station de la ligne 13 avant Asnières-Gennevilliers - Les Courtilles Les Agnettes
33%
Correspondance entre le RER C et le T1 Gare de Gennevilliers
30%
Commune la plus dense de France en habitants Levallois-Perret
30%
Commune la plus grande en superficie Rueil-Malmaison
28%
Gare sur le transilien L entre Saint Cloud et Suresnes-Mont Valérien Val d'Or
28%
Commune de Meudon sur Seine à côté des Yvelines Meudon la Forêt
23%
Centre commercial à Issy les Moulineaux Issy 3 moulins
18%
Terminus du TVM Antony La Croix de Berny RER
15%
Station du T1 avant L'Ile Saint Denis Mairie de Villeneuve la Garenne
15%
Forêt entre Saint Cloud, Ville d'Avray, Vaucesson etc Forêt domaniale de Fausses Reposes
13%
Gentilés de Neuilly sur Seine neuilléens
13%
Aucun quiz correspondant
Distribution des résultats
% des personnes avec chaque résultat
Percentile par nombre de réponses
Votre historique - résultats
Vous n’avez pas pris ce quiz